000 00225nam a2200097Ia 4500
008 230508s1987 xx 000 0 und d
041 _aeng
100 _aRODDY & COOLEN
245 _aELECTRONICS COMMUNICATIONS
260 _c1987
999 _c332968
_d332968